| 000 | 00924nam a2200277Ia 4500 | ||
|---|---|---|---|
| 001 | Para_2835 | ||
| 003 | CHAP | ||
| 008 | 220125s1989 xx 000 0 und d | ||
| 010 | _a201331 | ||
| 040 | _cCHAP | ||
| 090 | _aPA TESIS 460 | ||
| 100 |
_aRamírez Alarcón, Samuel _993848 |
||
| 245 |
_aIchneumonidae (Hymenoptera) del norte del Estado de Morelos / _c por Samuel Ramírez Alarcón |
||
| 260 |
_aChapingo, Méx. : _b El autor |
||
| 300 | _a141 p. | ||
| 502 | _aTesis (M.C. Esp. en Entomología) -- C.P. Centro de Entomología y Acarología | ||
| 650 |
_aIchneumonidae Insectos parásitos y predatores _9166233 |
||
| 710 |
_aColegio de Postgraduados. Chapingo, Méx. Centro de Entomología y Acarología _925077 |
||
| 901 | _aPA TESIS 460 | ||
| 902 | _aA | ||
| 905 | _a0000001989 CHAbi 0000000000 00 | ||
| 910 | _a1989 | ||
| 942 | _cPARA | ||
| 942 |
_cPARA _d1 |
||
| 999 |
_c201331 _d201331 |
||